000 00389 a2200169 4500
001 184284
020 _a85-02-02830-8
040 _cMagnum
100 _aTavares, Ulisses
240 1 0 _aSó não venha de calça branca
_lpor
245 1 0 _aSó não venha de calça branca
300 _a95
362 0 _a1999
440 1 _aSaraiva
697 _aLITERATURA INFANTO-JUVENIL
942 _cBK
999 _c184284
_d184284